[Event "10.Città di Padova Open A"]
[Site "Padova Ex Fornace Carotta"]
[Date "2007.12.16"]
[Round "2.17"]
[White "Zanini, Andrea"]
[Black "Litrico, Paolo"]
[Result "0-1"]
[WhiteElo "1646"]
[BlackElo "1823"]
[Annotator "Gabriele Ballarin"]
[PlyCount "96"]
[EventDate "2007.12.15"]
[EventType "swiss"]
[EventRounds "9"]
[EventCountry "ITA"]

1. d4 f5 2. Nf3 Nf6 3. g3 g6 4. Bg2 Bg7 5. O-O O-O 6. c4 d6 7. Nc3 Qe8 8. Re1 e5 9. dxe5 dxe5 10. e4 fxe4 11. Nxe4 Nxe4 12. Rxe4 Nc6 13. Re1 Qf7 14. h3 Bxh3 15. Bxh3 Qxf3 16. Be6+ Kh8 17. Qxf3 Rxf3 18. Bd5 Rf6 19. Bg5 Rd6 20. Bxc6 Rxc6 21. b3 h6 22. Be3 b6 23. Rad1 Rd6 24. Rxd6 cxd6 25. Rd1 Rd8 26. Rd5 Bf8 27. Bc1 Kg7 28. Bb2 Be7 29. Kg2 Kf7 30. Kf3 Rc8 31. Ba3 Ke6 32. Ke4 Rf8 33. f3 h5 34. Rd1 g5 35. Rd2 h4 36. Rg2 b5 37. Bc1 bxc4 38. bxc4 Rc8 39. Kd3 Kf5 40. gxh4 gxh4 41. Rh2 Rg8 42. Be3 a6 43. Bf2 Rb8 44. Ke3 Bg5+ 45. Kd3 h3 46. Bg3 Bf4 47. Bxf4 Kxf4 48. Ke2 Kg3 0-1

[Event "10.Città di Padova Open A"]
[Site "Padova Ex Fornace Carotta"]
[Date "2007.12.16"]
[Round "2.19"]
[White "Pichierri, Gianmatteo"]
[Black "Chiesa, Roberto"]
[Result "1/2-1/2"]
[WhiteElo "1569"]
[BlackElo "1709"]
[Annotator "Gabriele Ballarin"]
[PlyCount "86"]
[EventDate "2007.12.15"]
[EventType "swiss"]
[EventRounds "9"]
[EventCountry "ITA"]

1. e4 e6 2. d4 d5 3. exd5 exd5 4. Bd3 Nc6 5. c3 Bd6 6. Ne2 Nge7 7. Bf4 Bf5 8. Bxf5 Nxf5 9. O-O O-O 10. Qb3 Nfe7 11. Nd2 Qd7 12. Bxd6 Qxd6 13. f4 Nf5 14. Rae1 Na5 15. Qb5 b6 16. Qd3 Qd7 17. g4 Nh6 18. h3 f5 19. g5 Nf7 20. Kh2 g6 21. Ng1 Rae8 22. Ngf3 Rxe1 23. Rxe1 Nb7 24. Ne5 Nxe5 25. dxe5 Nc5 26. Qc2 Ne6 27. Kg3 c5 28. Rd1 Qc6 29. h4 Kg7 30. Nf3 a5 31. h5 Rh8 32. h6+ Kf7 33. Nh4 Nc7 34. Nxf5 gxf5 35. Qxf5+ Ke7 36. Qg4 Qe6 37. f5 Qxe5+ 38. Kf2 Kd6 39. Re1 Qh2+ 40. Kf3 Rf8 41. f6 Rf7 42. Qf5 Qh5+ 43. Kg3 b5 1/2-1/2

[Event "10.Città di Padova Open A"]
[Site "Padova Ex Fornace Carotta"]
[Date "2007.12.17"]
[Round "3.1"]
[White "Lazic, Miroljub"]
[Black "Mrdja, Milan"]
[Result "1/2-1/2"]
[WhiteElo "2492"]
[BlackElo "2408"]
[Annotator "Gabriele Ballarin"]
[PlyCount "29"]
[EventDate "2007.12.15"]
[EventType "swiss"]
[EventRounds "9"]
[EventCountry "ITA"]

1. e4 Nf6 2. d3 e5 3. Nf3 Nc6 4. Be2 Bc5 5. O-O d6 6. Nc3 a6 7. Be3 O-O 8. Bxc5 dxc5 9. Re1 Re8 10. h3 h6 11. Bf1 Qd6 12. Ne2 Be6 13. Ng3 Nd4 14. c3 Nxf3+ 15. Qxf3 1/2-1/2

[Event "10.Città di Padova Open A"]
[Site "Padova Ex Fornace Carotta"]
[Date "2007.12.17"]
[Round "3.2"]
[White "Laketic, Gojko"]
[Black "De Santis, Alessio"]
[Result "1/2-1/2"]
[WhiteElo "2433"]
[BlackElo "2367"]
[Annotator "Gabriele Ballarin"]
[PlyCount "25"]
[EventDate "2007.12.15"]
[EventType "swiss"]
[EventRounds "9"]
[EventCountry "ITA"]

1. e4 e6 2. d3 d5 3. Nd2 c5 4. Ngf3 Nc6 5. g3 Bd6 6. Bg2 Nge7 7. O-O O-O 8. Nh4 Bd7 9. f4 f5 10. c4 d4 11. Ndf3 a5 12. Re1 a4 13. exf5 1/2-1/2

[Event "10.Città di Padova Open A"]
[Site "Padova Ex Fornace Carotta"]
[Date "2007.12.17"]
[Round "3.3"]
[White "Dragojlovic, Andjelko"]
[Black "Okhotnik, Vladimir"]
[Result "1-0"]
[WhiteElo "2409"]
[BlackElo "2433"]
[Annotator "Gabriele Ballarin"]
[PlyCount "33"]
[EventDate "2007.12.15"]
[EventType "swiss"]
[EventRounds "9"]
[EventCountry "ITA"]

1. e4 c5 2. Nf3 e6 3. d3 Nc6 4. g3 Nge7 5. Bg2 g6 6. O-O Bg7 7. Re1 d6 8. c3 e5 9. Be3 O-O 10. d4 exd4 11. cxd4 d5 12. e5 cxd4 13. Bxd4 Nxd4 14. Qxd4 Nc6 15. Qf4 Qb6 16. Nc3 Be6 17. b3 1-0

[Event "10.Città di Padova Open A"]
[Site "Padova Ex Fornace Carotta"]
[Date "2007.12.17"]
[Round "3.4"]
[White "Pomaro, Alberto"]
[Black "Naumkin, Igor"]
[Result "0-1"]
[WhiteElo "2153"]
[BlackElo "2486"]
[Annotator "Gabriele Ballarin"]
[PlyCount "46"]
[EventDate "2007.12.15"]
[EventType "swiss"]
[EventRounds "9"]
[EventCountry "ITA"]

1. e4 e5 2. Nf3 Nc6 3. Bb5 a6 4. Ba4 Nf6 5. O-O Be7 6. Re1 b5 7. Bb3 O-O 8. c3 d6 9. h3 Na5 10. Bc2 c5 11. d4 Nd7 12. Nbd2 cxd4 13. cxd4 Nc6 14. Nf1 exd4 15. Nxd4 Nxd4 16. Qxd4 Ne5 17. Ne3 Bxh3 18. f4 Nc6 19. Qc3 Bd7 20. Nd5 Rc8 21. b3 Bh4 22. Rd1 Ne5 23. Qd2 Ng4 0-1

[Event "10.Città di Padova Open A"]
[Site "Padova Ex Fornace Carotta"]
[Date "2007.12.17"]
[Round "3.5"]
[White "Manca, Federico"]
[Black "Gallo, Enrico"]
[Result "1-0"]
[WhiteElo "2405"]
[BlackElo "2077"]
[Annotator "Gabriele Ballarin"]
[PlyCount "77"]
[EventDate "2007.12.15"]
[EventType "swiss"]
[EventRounds "9"]
[EventCountry "ITA"]

1. e4 e6 2. d4 d5 3. Nc3 Bb4 4. e5 c5 5. a3 Bxc3+ 6. bxc3 Ne7 7. Nf3 Qa5 8. Bd2 Nbc6 9. a4 Bd7 10. Bd3 c4 11. Be2 f6 12. O-O O-O-O 13. Re1 Ng6 14. Bf1 Rhf8 15. g3 fxe5 16. dxe5 a6 17. Bg2 Qc7 18. Qe2 Rf5 19. Bh3 Rff8 20. Bc1 h6 21. Ba3 Rfe8 22. Bd6 Qa5 23. Qe3 Nge7 24. Reb1 d4 25. Nxd4 Nd5 26. Nxc6 Bxc6 27. Qa7 Rxd6 28. exd6 Nxc3 29. d7+ Kxd7 30. Rxb7+ Bxb7 31. Qxb7+ Kd6 32. Re1 Nd5 33. Rd1 Re7 34. Qb8+ Kc6 35. Bg2 Qc3 36. Qa8+ Kb6 37. Qd8+ Rc7 38. Qd6+ Kb7 39. Qxe6 1-0

[Event "10.Città di Padova Open A"]
[Site "Padova Ex Fornace Carotta"]
[Date "2007.12.17"]
[Round "3.6"]
[White "Kizov, Atanas"]
[Black "Cardili, Mariano"]
[Result "1-0"]
[WhiteElo "2396"]
[BlackElo "2100"]
[Annotator "Gabriele Ballarin"]
[PlyCount "73"]
[EventDate "2007.12.15"]
[EventType "swiss"]
[EventRounds "9"]
[EventCountry "ITA"]

1. d4 d5 2. c4 c6 3. cxd5 cxd5 4. Bf4 Nc6 5. e3 Nf6 6. Nc3 Bf5 7. Nf3 e6 8. Qb3 Bb4 9. Bb5 Bxc3+ 10. Qxc3 O-O 11. Bxc6 Rc8 12. Ne5 bxc6 13. Qa3 Qb6 14. Rc1 Rfd8 15. O-O Ne4 16. f3 Nd6 17. Qc5 Nc4 18. Qxb6 axb6 19. Nxc4 dxc4 20. e4 Bg6 21. Rxc4 f6 22. Rfc1 Be8 23. a4 Bd7 24. Rb4 Be8 25. Rxb6 Rxd4 26. b3 e5 27. Be3 Rd3 28. Kf2 Ra8 29. Ke2 Rdd8 30. Ra1 Rdb8 31. Rxb8 Rxb8 32. a5 Kf7 33. a6 Ke7 34. a7 Ra8 35. Rd1 Bd7 36. Bb6 g6 37. Bc5+ 1-0

[Event "10.Città di Padova Open A"]
[Site "Padova Ex Fornace Carotta"]
[Date "2007.12.17"]
[Round "3.7"]
[White "Quaranta, Cristiano"]
[Black "Vuelban, Virgilio"]
[Result "0-1"]
[WhiteElo "2070"]
[BlackElo "2399"]
[Annotator "Gabriele Ballarin"]
[PlyCount "52"]
[EventDate "2007.12.15"]
[EventType "swiss"]
[EventRounds "9"]
[EventCountry "ITA"]

1. d4 Nf6 2. Nf3 g6 3. c4 Bg7 4. Nc3 d6 5. e4 O-O 6. Be2 Bg4 7. Be3 Nc6 8. Ng1 Bc8 9. Nf3 e5 10. d5 Ne7 11. Nd2 Nd7 12. b4 f5 13. f3 Nf6 14. Qb3 fxe4 15. Ncxe4 Nf5 16. Bf2 Nxe4 17. Nxe4 Nd4 18. Qb2 Bf5 19. Qd2 Bxe4 20. fxe4 Rxf2 21. Kxf2 Qh4+ 22. Kg1 Qxe4 23. Bd3 Qg4 24. Kf1 e4 25. Be2 Rf8+ 26. Ke1 Qxg2 0-1

[Event "10.Città di Padova Open A"]
[Site "Padova Ex Fornace Carotta"]
[Date "2007.12.17"]
[Round "3.8"]
[White "Rossi, Carlo"]
[Black "Faccia, Sergio"]
[Result "1-0"]
[WhiteElo "2342"]
[BlackElo "2071"]
[Annotator "Gabriele Ballarin"]
[PlyCount "121"]
[EventDate "2007.12.15"]
[EventType "swiss"]
[EventRounds "9"]
[EventCountry "ITA"]

1. Nf3 g6 2. e4 d6 3. Bc4 Bg7 4. O-O Nf6 5. Qe2 O-O 6. d4 c6 7. e5 Nd5 8. h3 Bf5 9. Bb3 dxe5 10. dxe5 Nd7 11. Re1 Nc5 12. Nc3 Nxb3 13. axb3 Nxc3 14. bxc3 c5 15. Ra4 Qc7 16. Rh4 Rfd8 17. Bh6 Bh8 18. Bf4 Qa5 19. g4 Bd7 20. Ng5 Qxc3 21. Rxh7 Bb5 22. e6 f6 23. Qe4 f5 24. Rxh8+ Kxh8 25. Be5+ Kg8 26. gxf5 gxf5 27. Bxc3 fxe4 28. Rxe4 Rd1+ 29. Kh2 Bc6 30. Rh4 Rh1+ 31. Kg3 Rg1+ 32. Kf4 Rf8+ 33. Ke3 Rf6 34. Bxf6 exf6 35. Nf3 Rc1 36. Rc4 b6 37. Kd2 Rh1 38. Nh4 Rxh3 39. Nf5 Kf8 40. Rg4 Rh5 41. e7+ Kf7 42. Rg7+ Ke6 43. Ne3 Be8 44. c4 Rg5 45. Rh7 Bg6 46. Nd5 Re5 47. Rg7 Bf7 48. f4 Rh5 49. e8=Q+ Bxe8 50. Re7+ Kf5 51. Rxe8 Rh3 52. Kc2 Rh2+ 53. Kc3 Rh3+ 54. Kb2 Rh2+ 55. Ka3 Rd2 56. Rf8 b5 57. Rxf6+ Kg4 58. Ra6 bxc4 59. bxc4 Rd3+ 60. Ka4 Rd2 61. Kb5 1-0

[Event "10.Città di Padova Open A"]
[Site "Padova Ex Fornace Carotta"]
[Date "2007.12.17"]
[Round "3.9"]
[White "Casciello, Dimitri"]
[Black "Navarro, Stefano"]
[Result "0-1"]
[WhiteElo "2017"]
[BlackElo "2258"]
[Annotator "Gabriele Ballarin"]
[PlyCount "90"]
[EventDate "2007.12.15"]
[EventType "swiss"]
[EventRounds "9"]
[EventCountry "ITA"]

1. e4 e5 2. Nf3 d6 3. d4 Nd7 4. Bc4 c6 5. O-O Be7 6. Nc3 Ngf6 7. Bb3 O-O 8. dxe5 dxe5 9. Qe2 Qc7 10. Be3 b5 11. Nd2 Nc5 12. Bxc5 Bxc5 13. h3 Bb7 14. a4 a6 15. Rfe1 Rad8 16. Nf1 Rd4 17. Ng3 Rfd8 18. Rad1 Bc8 19. Rxd4 Rxd4 20. Nf5 Bxf5 21. exf5 e4 22. Rd1 Qf4 23. Rxd4 Bxd4 24. axb5 axb5 25. Nd1 Qxf5 26. Qd2 Qd7 27. c3 Bb6 28. Qf4 Bc7 29. Qe3 Qe6 30. g3 c5 31. Qe2 c4 32. Bc2 h5 33. h4 Bb6 34. Ne3 Qe5 35. Kg2 Nd7 36. Qd1 Nc5 37. Qd5 Qxd5 38. Nxd5 Bd8 39. f3 Nd3 40. Bxd3 exd3 41. Kf2 Kf8 42. Ke3 Ke8 43. b3 Kd7 44. bxc4 bxc4 45. Kd4 d2 0-1

[Event "10.Città di Padova Open A"]
[Site "Padova Ex Fornace Carotta"]
[Date "2007.12.17"]
[Round "3.10"]
[White "Rettore, Ludwig"]
[Black "Rossi, Giampiero"]
[Result "1-0"]
[WhiteElo "2177"]
[BlackElo "1991"]
[Annotator "Gabriele Ballarin"]
[PlyCount "89"]
[EventDate "2007.12.15"]
[EventType "swiss"]
[EventRounds "9"]
[EventCountry "ITA"]

1. e4 c5 2. Nf3 e6 3. d4 cxd4 4. Nxd4 a6 5. Bd3 Nf6 6. O-O Qc7 7. Nc3 Nc6 8. Nde2 Bc5 9. Bf4 d6 10. Ng3 b5 11. Nh5 Nxh5 12. Qxh5 Ne5 13. Rae1 Bb7 14. Bg5 O-O 15. Kh1 f6 16. Bd2 Qf7 17. Qh3 Nxd3 18. cxd3 d5 19. f4 f5 20. exd5 exd5 21. Ne2 d4 22. b3 Rfe8 23. Ng1 g6 24. Nf3 Rxe1 25. Rxe1 Bxf3 26. Qxf3 Rc8 27. h3 Bf8 28. Ba5 Qd7 29. Bb6 Bg7 30. b4 Bf8 31. Bc5 Bxc5 32. bxc5 Rxc5 33. Qa8+ Rc8 34. Qxa6 Qc6 35. Qa7 Qd6 36. Re5 b4 37. Kh2 Rc7 38. Qa8+ Kg7 39. Qd5 Qb6 40. Re1 Qc5 41. Qd8 Rf7 42. Re8 Rf8 43. Rxf8 Qxf8 44. Qxd4+ Kh6 45. Kg3 1-0

[Event "10.Città di Padova Open A"]
[Site "Padova Ex Fornace Carotta"]
[Date "2007.12.17"]
[Round "3.11"]
[White "Moratto, Davide"]
[Black "Sgaravatti, Francesco"]
[Result "1-0"]
[WhiteElo "1855"]
[BlackElo "2175"]
[Annotator "Gabriele Ballarin"]
[PlyCount "49"]
[EventDate "2007.12.15"]
[EventType "swiss"]
[EventRounds "9"]
[EventCountry "ITA"]

1. e4 e6 2. d4 d5 3. Nc3 Bb4 4. Bd2 dxe4 5. a3 Bxc3 6. Bxc3 Nf6 7. Bc4 Nbd7 8. Ne2 Nb6 9. Ba2 Bd7 10. Nf4 Bc6 11. O-O Nbd5 12. Nxd5 exd5 13. f3 O-O 14. fxe4 Nxe4 15. Bb4 Re8 16. Qf3 Qf6 17. Qd3 Qg5 18. Rae1 a5 19. Bc3 Re6 20. b4 Rg6 21. Re2 Nxc3 22. Qxc3 Bb5 23. Qxc7 Rf8 24. c4 Rc6 25. Qxf7+ 1-0

[Event "10.Città di Padova Open A"]
[Site "Padova Ex Fornace Carotta"]
[Date "2007.12.17"]
[Round "3.12"]
[White "Litrico, Paolo"]
[Black "Opacic, Alexandar"]
[Result "1/2-1/2"]
[WhiteElo "1823"]
[BlackElo "2109"]
[Annotator "Gabriele Ballarin"]
[PlyCount "99"]
[EventDate "2007.12.15"]
[EventType "swiss"]
[EventRounds "9"]
[EventCountry "ITA"]

1. d4 d5 2. Bf4 c6 3. e3 Qb6 4. Qc1 Bf5 5. Nd2 Nd7 6. c4 e6 7. a3 Ngf6 8. b4 Be7 9. h3 O-O 10. Ngf3 Rfe8 11. Be2 Ne4 12. c5 Qd8 13. O-O g5 14. Bh2 g4 15. hxg4 Bxg4 16. Bd3 f5 17. Ne5 Nxe5 18. Bxe5 Bf6 19. Bxf6 Qxf6 20. Bxe4 fxe4 21. f3 exf3 22. Nxf3 Bxf3 23. Rxf3 Qg5 24. Qe1 Kh8 25. Qf2 e5 26. Rf5 Qg7 27. Rf7 Qh6 28. Rxb7 exd4 29. exd4 Rf8 30. Qg3 Rae8 31. Re1 Rg8 32. Rxe8 Rxe8 33. Rf7 Qc1+ 34. Kh2 Qh6+ 35. Qh3 Qg6 36. Rxa7 Rg8 37. Re7 Qc2 38. Qf3 Qg6 39. Qh3 Qc2 40. Rc7 Qe4 41. Rf7 Rg4 42. Qf3 Rh4+ 43. Kg1 Qxd4+ 44. Qf2 Qd1+ 45. Qf1 Qd4+ 46. Rf2 Rf4 47. Qe1 Re4 48. Qc1 Re3 49. Kf1 Qd3+ 50. Kg1 1/2-1/2

[Event "10.Città di Padova Open A"]
[Site "Padova Ex Fornace Carotta"]
[Date "2007.12.17"]
[Round "3.13"]
[White "Conflitti, Alessandro"]
[Black "Cedriano, Filippo"]
[Result "0-1"]
[WhiteElo "1664"]
[BlackElo "2016"]
[Annotator "Gabriele Ballarin"]
[PlyCount "50"]
[EventDate "2007.12.15"]
[EventType "swiss"]
[EventRounds "9"]
[EventCountry "ITA"]

1. e4 Nc6 2. Nf3 d6 3. d4 Nf6 4. Nc3 Bg4 5. Be2 Bxf3 6. Bxf3 g6 7. Be3 Bg7 8. Qd2 O-O 9. g4 e5 10. d5 Nd4 11. Bxd4 exd4 12. Ne2 Re8 13. O-O-O Nxe4 14. Bxe4 Rxe4 15. f3 Re5 16. h4 Qf6 17. f4 Re3 18. g5 Qf5 19. h5 Rae8 20. Nxd4 Qxf4 21. hxg6 hxg6 22. Ne2 Qa4 23. Nc3 Rxc3 24. Qh2 Qxa2 25. Kd2 Rxc2+ 0-1

[Event "10.Città di Padova Open A"]
[Site "Padova Ex Fornace Carotta"]
[Date "2007.12.17"]
[Round "3.14"]
[White "Belloni, Umberto"]
[Black "Pichierri, Gianmatteo"]
[Result "1-0"]
[WhiteElo "1912"]
[BlackElo "1569"]
[Annotator "Gabriele Ballarin"]
[PlyCount "115"]
[EventDate "2007.12.15"]
[EventType "swiss"]
[EventRounds "9"]
[EventCountry "ITA"]

1. d4 d5 2. c3 Nf6 3. Bg5 c6 4. e3 Bf5 5. Bd3 Bxd3 6. Qxd3 Nbd7 7. f4 e6 8. Nd2 c5 9. Ngf3 c4 10. Qc2 Be7 11. Bxf6 Nxf6 12. Ne5 O-O 13. O-O Nd7 14. Nxd7 Qxd7 15. Nf3 Bd6 16. Ne5 Bxe5 17. fxe5 Qe7 18. e4 f6 19. exf6 Rxf6 20. Rxf6 Qxf6 21. Rf1 Qg6 22. Qe2 Re8 23. Re1 dxe4 24. Qxe4 Qxe4 25. Rxe4 Kf7 26. Kf2 Rd8 27. Ke3 Rd5 28. b3 b5 29. Re5 Kf6 30. Ke4 Rxe5+ 31. dxe5+ Kg5 32. bxc4 bxc4 33. a4 a5 34. Kd4 Kf5 35. Kxc4 Kxe5 36. Kb5 Kd6 37. c4 e5 38. Kb6 e4 39. c5+ Ke7 40. c6 e3 41. c7 e2 42. c8=Q e1=Q 43. Qc5+ Kf6 44. Qxa5 Qf2+ 45. Qc5 Qb2+ 46. Kc7 Kf7 47. Qd5+ Kf6 48. a5 Qf2 49. Qc6+ Kf5 50. Kb7 Qb2+ 51. Ka8 g5 52. a6 Qh8+ 53. Kb7 Qb2+ 54. Ka7 h5 55. Qd7+ Kf4 56. Qf7+ Ke3 57. Qf3+ Kd2 58. Qf2+ 1-0

[Event "10.Città di Padova Open A"]
[Site "Padova Ex Fornace Carotta"]
[Date "2007.12.17"]
[Round "3.15"]
[White "Chiesa, Roberto"]
[Black "De Marchi, Alessandro"]
[Result "1-0"]
[WhiteElo "1709"]
[BlackElo "1719"]
[Annotator "Gabriele Ballarin"]
[PlyCount "79"]
[EventDate "2007.12.15"]
[EventType "swiss"]
[EventRounds "9"]
[EventCountry "ITA"]

1. d4 Nf6 2. c4 e6 3. Nc3 Bb4 4. Qc2 d5 5. cxd5 exd5 6. Bg5 c6 7. Nf3 h6 8. Bxf6 Qxf6 9. a3 Bxc3+ 10. Qxc3 O-O 11. e3 a5 12. Be2 Nd7 13. O-O Re8 14. b4 axb4 15. axb4 Rxa1 16. Rxa1 Nf8 17. b5 Ng6 18. bxc6 bxc6 19. Ra8 Bd7 20. Rxe8+ Bxe8 21. g3 Qe7 22. Bd3 Nf8 23. Ne5 Qd6 24. Bf1 f6 25. Nd3 Ne6 26. Nc5 Nxc5 27. Qxc5 Qxc5 28. dxc5 Kf7 29. Bh3 Ke7 30. Kf1 Bd7 31. Bg2 Bf5 32. Ke2 Ke6 33. f4 Be4 34. Bh3+ f5 35. Kd2 Bf3 36. Bf1 Be4 37. Kc3 Kd7 38. Kd4 Kc7 39. Ke5 Kd7 40. Bh3 1-0

[Event "10.Città di Padova Open A"]
[Site "Padova Ex Fornace Carotta"]
[Date "2007.12.17"]
[Round "3.16"]
[White "Mazzella, Riccardo"]
[Black "Battagin_214, Mosè"]
[Result "0-1"]
[WhiteElo "1371"]
[BlackElo "1701"]
[Annotator "Gabriele Ballarin"]
[PlyCount "118"]
[EventDate "2007.12.15"]
[EventType "swiss"]
[EventRounds "9"]
[EventCountry "ITA"]

1. d4 d6 2. c4 Nf6 3. Bg5 c5 4. Nf3 cxd4 5. Bxf6 gxf6 6. Nxd4 f5 7. Nc3 Bg7 8. e3 Nc6 9. Qa4 Bd7 10. Nxc6 bxc6 11. Qb3 h5 12. Bd3 Qa5 13. O-O h4 14. h3 O-O-O 15. Qa4 Bxc3 16. Qxa5 Bxa5 17. Rab1 Rdg8 18. f4 Rg3 19. b4 Bb6 20. c5 dxc5 21. Ba6+ Kc7 22. bxc5 Bxc5 23. Rb7+ Kd6 24. Rd1+ Ke6 25. Bc4+ Kf6 26. Rbxd7 Rhg8 27. Kh1 Rxg2 28. Rc7 R2g3 29. Rxc6+ Bd6 30. Kh2 Rxe3 31. Rcxd6+ exd6 32. Rxd6+ Ke7 33. Rd2 Rgg3 34. Bf1 Rgf3 35. Bg2 Rxf4 36. Rc2 Ra3 37. Re2+ Kf6 38. Rc2 Rd4 39. Re2 Rad3 40. Bf1 Rd2 41. Kg2 Rxe2+ 42. Bxe2 Rd2 43. Kf3 Rxa2 44. Bc4 Ra3+ 45. Kg2 Rg3+ 46. Kh2 f4 47. Bd5 f3 48. Bc4 f2 49. Bf1 Ke5 50. Bg2 Kf4 51. Bf1 Ke3 52. Bc4 f5 53. Bf1 f4 54. Bb5 Kd2 55. Ba6 Ke1 56. Bc4 f3 57. Bb5 f1=N+ 58. Kh1 Rxh3+ 59. Kg1 Ng3 0-1

[Event "10.Città di Padova Open A"]
[Site "Padova Ex Fornace Carotta"]
[Date "2007.12.17"]
[Round "3.17"]
[White "Stiz, Massimiliano"]
[Black "Palumbo, Giuseppe"]
[Result "0-1"]
[WhiteElo "2086"]
[BlackElo "1613"]
[Annotator "Gabriele Ballarin"]
[PlyCount "62"]
[EventDate "2007.12.15"]
[EventType "swiss"]
[EventRounds "9"]
[EventCountry "ITA"]

1. e4 c5 2. Nf3 d6 3. Bb5+ Bd7 4. Bxd7+ Qxd7 5. b4 cxb4 6. O-O e6 7. Bb2 Nc6 8. d4 Nf6 9. d5 Nd8 10. Re1 e5 11. Nbd2 g6 12. Nc4 Be7 13. Nfxe5 dxe5 14. Nxe5 Qc7 15. Ng4 Nxg4 16. Qxg4 O-O 17. Rac1 Qd6 18. Re3 f5 19. exf5 Rxf5 20. Rxe7 Qxe7 21. Qd4 Kf7 22. d6 Qf6 23. Qc4+ Qe6 24. Qc7+ Ke8 25. Kf1 Rf7 26. Qc5 Rc8 27. Qg5 Qxd6 28. Re1+ Re7 29. Be5 Qd5 30. f4 Rxc2 31. Qg3 Nc6 0-1

[Event "10.Città di Padova Open A"]
[Site "Padova Ex Fornace Carotta"]
[Date "2007.12.17"]
[Round "3.18"]
[White "Franz, Paolo"]
[Black "Cedriano, Filippo"]
[Result "0-1"]
[WhiteElo "1500"]
[BlackElo "2016"]
[Annotator "Gabriele Ballarin"]
[PlyCount "48"]
[EventDate "2007.12.15"]
[EventType "swiss"]
[EventRounds "9"]
[EventCountry "ITA"]

1. e4 Nc6 2. Nf3 g6 3. d4 Bg7 4. Be3 d6 5. Bc4 Nf6 6. Nc3 O-O 7. h3 a6 8. a3 b5 9. Ba2 Na5 10. Qe2 Nd7 11. Rd1 e6 12. O-O Qe8 13. Ng5 h6 14. Nf3 Nb6 15. Nd2 Bb7 16. f3 f5 17. e5 f4 18. Bf2 d5 19. Qd3 Nc6 20. Ne2 Nc4 21. Nxc4 bxc4 22. Qd2 g5 23. Nc3 Ne7 24. Na4 Qxa4 0-1

[Event "10.Città di Padova Open A"]
[Site "Padova Ex Fornace Carotta"]
[Date "2007.12.17"]
[Round "3.19"]
[White "Lodi, Paolo"]
[Black "Conflitti, Alessandro"]
[Result "0-1"]
[WhiteElo "1465"]
[BlackElo "1664"]
[Annotator "Gabriele Ballarin"]
[PlyCount "56"]
[EventDate "2007.12.15"]
[EventType "swiss"]
[EventRounds "9"]
[EventCountry "ITA"]

1. c4 Nf6 2. Nf3 d6 3. g3 e5 4. d3 Be7 5. Bg2 O-O 6. O-O Nbd7 7. Nc3 c6 8. a3 a5 9. Nh4 Nh5 10. Nf5 Nc5 11. Nxe7+ Qxe7 12. e3 Nf6 13. d4 Ne6 14. d5 cxd5 15. cxd5 Nc7 16. e4 b5 17. Bg5 h6 18. Bxf6 Qxf6 19. f4 Qe7 20. f5 f6 21. Qg4 Ba6 22. b4 axb4 23. axb4 Bb7 24. Ra5 Rxa5 25. bxa5 b4 26. Na2 b3 27. Nb4 Na6 28. Nd3 Nc5 0-1

[Event "10.Città di Padova Open A"]
[Site "Padova Ex Fornace Carotta"]
[Date "2007.12.17"]
[Round "3.20"]
[White "Fortunato, Lorenzo"]
[Black "Zanini, Andrea"]
[Result "1-0"]
[WhiteElo "1440"]
[BlackElo "1646"]
[Annotator "Gabriele Ballarin"]
[PlyCount "99"]
[EventDate "2007.12.15"]
[EventType "swiss"]
[EventRounds "9"]
[EventCountry "ITA"]

1. e4 g6 2. d4 d6 3. Nc3 Bg7 4. Be3 e6 5. Bc4 Nd7 6. Nf3 a6 7. a4 b6 8. Qd2 h6 9. O-O Ne7 10. h3 Bb7 11. Rab1 Nf6 12. e5 Nfd5 13. Nxd5 Nxd5 14. Nh2 Nxe3 15. Qxe3 h5 16. Rfd1 Qd7 17. Bb3 O-O-O 18. exd6 Qxd6 19. c3 Bh6 20. Qe2 Qc6 21. f3 Bf4 22. Nf1 h4 23. Ne3 Qd6 24. Nc4 Bh2+ 25. Kh1 Qf4 26. Ne5 Bg3 27. Nxf7 Rhf8 28. Nxd8 Kxd8 29. d5 exd5 30. Bxd5 Bxd5 31. Rxd5+ Kc8 32. Rd4 Qf5 33. Rbd1 Kb7 34. b4 g5 35. Rd5 Qf6 36. Qe4 Ka7 37. Qd4 Qe6 38. a5 Re8 39. axb6+ Kb7 40. bxc7 Bxc7 41. Rxg5 Rd8 42. Rd5 Re8 43. Qd2 Qg6 44. Qf2 Qf6 45. c4 Qf4 46. Kg1 Qh2+ 47. Kf1 Qf4 48. R5d4 Qh2 49. Rxh4 Qh1+ 50. Qg1 1-0

[Event "10.Città di Padova Open A"]
[Site "Padova Ex Fornace Carotta"]
[Date "2007.12.18"]
[Round "4.1"]
[White "Lazic, Miroljub"]
[Black "Dragojlovic, Andjelko"]
[Result "1/2-1/2"]
[WhiteElo "2492"]
[BlackElo "2409"]
[Annotator "Gabriele Ballarin"]
[PlyCount "74"]
[EventDate "2007.12.15"]
[EventType "swiss"]
[EventRounds "9"]
[EventCountry "ITA"]

1. e4 c5 2. Nf3 d6 3. c3 Nf6 4. h3 g6 5. Bd3 Bg7 6. Bc2 O-O 7. O-O Nc6 8. Re1 Nd7 9. d4 cxd4 10. cxd4 Qb6 11. d5 Nd4 12. Nc3 Nxf3+ 13. Qxf3 Ne5 14. Qe2 Qa6 15. Qxa6 bxa6 16. f4 Nd7 17. Be3 Rb8 18. Rab1 Nc5 19. e5 a5 20. a3 f6 21. b4 axb4 22. axb4 Na6 23. b5 Nc5 24. e6 f5 25. Na4 Nxa4 26. Bxa4 Bb7 27. Bxa7 Ra8 28. b6 Bxd5 29. Red1 Be4 30. Rbc1 Bh6 31. Bc6 Bxc6 32. Rxc6 Bxf4 33. Kf2 Kg7 34. Ra1 Be5 35. Ra4 d5 36. Ke3 f4+ 37. Kf3 Bb8 1/2-1/2

[Event "10.Città di Padova Open A"]
[Site "Padova Ex Fornace Carotta"]
[Date "2007.12.18"]
[Round "4.2"]
[White "Naumkin, Igor"]
[Black "Kizov, Atanas"]
[Result "1/2-1/2"]
[WhiteElo "2486"]
[BlackElo "2396"]
[Annotator "Gabriele Ballarin"]
[PlyCount "23"]
[EventDate "2007.12.15"]
[EventType "swiss"]
[EventRounds "9"]
[EventCountry "ITA"]

1. d4 d5 2. c4 dxc4 3. Nf3 c5 4. d5 e6 5. e4 a6 6. a4 exd5 7. exd5 Nf6 8. Bxc4 Bd6 9. O-O O-O 10. Bg5 h6 11. Bh4 Bf5 12. Nc3 1/2-1/2

[Event "10.Città di Padova Open A"]
[Site "Padova Ex Fornace Carotta"]
[Date "2007.12.18"]
[Round "4.3"]
[White "Mrdja, Milan"]
[Black "Laketic, Gojko"]
[Result "0-1"]
[WhiteElo "2408"]
[BlackElo "2433"]
[Annotator "Gabriele Ballarin"]
[PlyCount "36"]
[EventDate "2007.12.15"]
[EventType "swiss"]
[EventRounds "9"]
[EventCountry "ITA"]

1. e4 Nf6 2. e5 Nd5 3. d4 d6 4. Nf3 Bg4 5. Be2 e6 6. O-O Be7 7. h3 Bh5 8. c4 Nb6 9. Nc3 O-O 10. Be3 N8d7 11. exd6 cxd6 12. b3 d5 13. c5 Nc8 14. b4 Bf6 15. Re1 Bxf3 16. Bxf3 Ne7 17. g4 Nc6 18. a3 a6 0-1

[Event "10.Città di Padova Open A"]
[Site "Padova Ex Fornace Carotta"]
[Date "2007.12.18"]
[Round "4.4"]
[White "De Santis, Alessio"]
[Black "Manca, Federico"]
[Result "1/2-1/2"]
[WhiteElo "2367"]
[BlackElo "2405"]
[Annotator "Gabriele Ballarin"]
[PlyCount "31"]
[EventDate "2007.12.15"]
[EventType "swiss"]
[EventRounds "9"]
[EventCountry "ITA"]

1. d4 d5 2. c4 e6 3. Nc3 c5 4. cxd5 exd5 5. Nf3 Nc6 6. g3 Nf6 7. Bg2 Be7 8. O-O O-O 9. Bg5 cxd4 10. Nxd4 h6 11. Be3 Re8 12. Rc1 Bf8 13. Nxc6 bxc6 14. Na4 Bd7 15. Bc5 Bxc5 16. Nxc5 1/2-1/2